Politika, médiá a marketingová komunikácia

Úloha médií v politickej komunikácii, najmä v reklame a PR ako kľúčových nástrojoch marketingovej komunikácie. Formy komunikácie v médiách, ktoré využívajú politické strany.

Saved in:
Bibliographic Details
Main Author: Matúšová, Jana
Format: Book Chapter
Language:Slovak
Subjects:
Tags: Add Tag
No Tags, Be the first to tag this record!

MARC

LEADER 00000nla a2200000 4500
001 0159549
005 20221103131238.1
041 0 |a slo 
044 |a SK 
245 1 0 |a Politika, médiá a marketingová komunikácia  |c Jana Matúšová 
520 |a Úloha médií v politickej komunikácii, najmä v reklame a PR ako kľúčových nástrojoch marketingovej komunikácie. Formy komunikácie v médiách, ktoré využívajú politické strany. 
610 2 0 |a médiá 
610 2 0 |a komunikácia 
610 2 0 |a politika 
610 2 0 |a komunikácia masmediálna 
610 2 0 |a marketing politický 
610 2 0 |a reklama vonkajšia 
610 2 0 |a vzťahy s verejnosťou 
100 1 |a Matúšová, Jana